|
|
|
|
| LEADER |
01325nam a2200289 a 4500 |
| 001 |
3052820 |
| 008 |
100210s1997 maua b 001 0 eng d |
| 010 |
|
|
|a 96025597
|
| 020 |
|
|
|a 0070465045 (alk. paper)
|
| 040 |
|
|
|a DLC
|c DLC
|d DLC
|
| 082 |
0 |
0 |
|a 658.3
|2 20
|
| 100 |
1 |
|
|a Newstrom, John W.
|
| 245 |
1 |
0 |
|a Organizational behavior :
|b human behavior at work /
|c John W. Newstrom, Keith Davis.
|
| 250 |
|
|
|a 10th ed.
|
| 260 |
|
|
|a Boston, Mass. :
|b McGraw-Hill Companies,
|c c1997.
|
| 300 |
|
|
|a xxvi, 611 p. :
|b col. ill. ;
|c 24 cm.
|
| 490 |
0 |
|
|a McGraw-Hill series in management
|
| 500 |
|
|
|a Rev. ed. of: Human behavior at work / Keith Davis, John W. Newstrom. 8th ed. 1989.
|
| 504 |
|
|
|a Includes bibliographical references and indexes.
|
| 541 |
1 |
|
|e 00013419
|
| 650 |
|
0 |
|a Organizational behavior.
|
| 650 |
|
0 |
|a Industrial sociology.
|
| 700 |
1 |
|
|a Davis, Keith,
|d 1918-.
|t Human behavior at work.
|
| 852 |
4 |
|
|a Ayesha Abed Library
|j General shelf
|
| 999 |
|
|
|c 7476
|d 7476
|
| 952 |
|
|
|0 0
|1 0
|2 ddc
|4 0
|6 658_300000000000000_NEW
|7 0
|9 8041
|a BRACUL
|b BRACUL
|c GEN
|d 2010-02-11
|l 13
|m 57
|o 658.3 NEW
|p 3010013419
|r 2024-05-08
|s 2024-05-07
|t 1
|w 2010-02-11
|y BK
|x Price not available in Register
|
| 952 |
|
|
|0 0
|1 0
|2 ddc
|4 0
|6 658_300000000000000_NEW
|7 0
|9 24201
|a SCL
|b SCL
|c GEN
|d 2000-10-24
|l 2
|m 13
|o 658.3 NEW
|p 3020002902
|r 2024-04-29
|s 2024-02-26
|t 2
|w 2014-04-26
|y BK
|